| 000 | 00000nam 2200000za 4500 |
| 001 | 9.699335 |
| 003 | CaOODSP |
| 005 | 20230307145232 |
| 007 | cr ||||||||||| |
| 008 | 150407|1960||||xxc|||||o f|0| 0 eng d |
| 040 | |aCaOODSP|beng |
| 043 | |an-cn--- |
| 086 | 1 |aA53-1081/1960E-PDF |
| 110 | 1 |aCanada.|bAgriculture Canada.|bResearch Branch. |
| 245 | 12|aA handbook for northern gardeners / |h[electronic resource]|c[by] Frank S. Nowosad. |
| 246 | 1 |aHandbook for northern gardeners |
| 260 | |aOttawa - Ontario : |bAgriculture Canada. |cAugust 1960. |
| 300 | |a32p.|bfigs., references, tables, photographs |
| 500 | |aHistorical publication digitized by Agriculture and Agri-Food Canada. |
| 590 | |a14-11-Supp|b2014-05-21 |
| 690 | 07|aGardening|2gcpds |
| 690 | 07|aNorthern Canada|2gcpds |
| 775 | 08|tManuel des jardiniers du nord / |w(CaOODSP)9.643325 |
| 794 | |tNorthern gardening / |w(CaOODSP)9.699470 |
| 856 | 40|ahttp://publications.gc.ca|qPDF|s2.2 MB|uhttps://publications.gc.ca/collections/collection_2014/aac-aafc/agrhist/A53-1081-1960-eng.pdf |
| 986 | |a1081 |